[Event "Turkish Cup 2016"]
[Site "Manavgat TUR"]
[Date "2016.02.02"]
[Round "6.6"]
[White "Soysal, Serkan"]
[Black "Ozen, Deniz"]
[Result "1-0"]
[WhiteTitle "FM"]
[BlackTitle "FM"]
[WhiteElo "2349"]
[BlackElo "2061"]
[WhiteTeam "KAHRAMANMARAS"]
[BlackTeam "IZMIR"]
[WhiteFideId "6349250"]
[BlackFideId "6349196"]
[EventDate "2016.01.30"]

1. c4 e6 2. Nf3 Nf6 3. g3 d5 4. Bg2 c6 5. O-O Be7 6. Qc2 O-O 7. d4 b6 8. b3 Ba6
9. Nbd2 Nbd7 10. Rd1 Rc8 11. e4 c5 12. exd5 exd5 13. Nf1 dxc4 14. d5 cxb3 15.
axb3 Bxf1 16. Bxf1 Qc7 17. Bb5 Bd6 18. Bb2 Rfd8 19. Qf5 h6 20. Ra4 Be7 21. Ne5
Nxe5 22. Bxe5 Qb7 23. Ba6 Qd7 24. Qxd7 Nxd7 25. Bxc8 Nxe5 26. Rxa7 Bd6 27. Ba6
Nf3+ 28. Kg2 Nd4 29. Rb7 Rb8 30. Rxb8+ Bxb8 31. Re1 Kf8 32. Bb7 f6 33. Bc6 Kf7
34. Be8+ Kf8 35. Bg6 1-0

[Event "Turkish Cup 2016"]
[Site "Manavgat TUR"]
[Date "2016.02.02"]
[Round "6.7"]
[White "Arslan, Erdal"]
[Black "Yurtseven, Melih"]
[Result "0-1"]
[BlackTitle "FM"]
[WhiteElo "1990"]
[BlackElo "2332"]
[WhiteTeam "HATAY"]
[BlackTeam "KAYSERI"]
[WhiteFideId "6318916"]
[BlackFideId "6312160"]
[EventDate "2016.01.30"]

1. c4 e5 2. Nc3 Nc6 3. g3 Bc5 4. Bg2 Nge7 5. e4 d6 6. Nge2 Be6 7. Nd5 Qd7 8. d3
O-O 9. O-O f5 10. Be3 Ng6 11. exf5 Bxf5 12. Nec3 a6 13. Bxc5 dxc5 14. Ne4 b6 15.
Ne3 Nge7 16. Nxf5 Qxf5 17. f4 exf4 18. Rxf4 Qe5 19. Qg4 Rxf4 20. gxf4 Qf5 21.
Qxf5 Nxf5 22. Ng5 Nfe7 23. Ne6 Rc8 24. Re1 g6 25. a3 a5 26. Kf2 h6 27. h4 Kf7
28. h5 gxh5 29. Bh3 Kf6 30. Re4 Nf5 31. Bxf5 Kxf5 32. Ng7+ Kg6 33. Re6+ Kxg7 34.
Rxc6 Rf8 35. Kg3 Rf7 36. Kf3 Rd7 37. Ke4 h4 38. Kf5 Rf7+ 39. Kg4 h3 40. Kxh3
Rxf4 41. Rxc7+ Rf7 42. Rc6 Rf6 43. Rc7+ Rf7 44. Rc6 Rf6 45. Rc7+ Kg6 46. Rd7 Kf5
47. d4 Ke4 48. dxc5 bxc5 49. Kg4 a4 50. Rd5 Rf4+ 51. Kg3 Rf3+ 52. Kg4 Rf4+ 53.
Kg3 Rf5 54. Rd6 Rf3+ 55. Kg4 Rf2 56. Rd5 Rg2+ 57. Kh3 Rxb2 58. Rxc5 Kd4 59. Ra5
Rb3+ 60. Kg2 Rxa3 61. c5 Kd5 62. Kf2 Ra1 63. Ke2 a3 64. Kd2 a2 0-1

[Event "Turkish Cup 2016"]
[Site "Manavgat TUR"]
[Date "2016.02.02"]
[Round "6.8"]
[White "Eminov, Orkhan"]
[Black "Koc, Ilkay"]
[Result "1-0"]
[WhiteTitle "FM"]
[WhiteElo "2263"]
[BlackElo "2045"]
[WhiteTeam "ANKARA"]
[BlackTeam "BURSA"]
[WhiteFideId "13402153"]
[BlackFideId "6304486"]
[EventDate "2016.01.30"]

1. e4 d5 2. exd5 Nf6 3. Nc3 Nxd5 4. g3 Bf5 5. Bg2 e6 6. Nf3 Be7 7. O-O O-O 8.
Re1 c6 9. d4 Nd7 10. a3 h6 11. Ne4 N5f6 12. Nxf6+ Bxf6 13. c4 Nb6 14. b3 Qe7 15.
a4 Rfd8 16. a5 Nd7 17. Ba3 Qe8 18. Qe2 Nb8 19. Rad1 Na6 20. Ne5 Be7 21. Bxe7
Qxe7 22. d5 cxd5 23. cxd5 Nb4 24. dxe6 Bxe6 25. Nxf7 Rxd1 26. Qxd1 Re8 27. Ne5
Rd8 28. Qb1 Qc7 29. Qg6 Bxb3 30. Ng4 Kh8 31. Be4 Bg8 32. Nxh6 Rf8 33. Qh5 1-0

[Event "Turkish Cup 2016"]
[Site "Manavgat TUR"]
[Date "2016.02.02"]
[Round "6.9"]
[White "Ali Marandi, Cemil Can"]
[Black "Kilic, Efe Mert"]
[Result "1-0"]
[WhiteTitle "IM"]
[WhiteElo "2450"]
[BlackElo "1998"]
[WhiteTeam "HATAY"]
[BlackTeam "KOCAELI"]
[WhiteFideId "6300529"]
[BlackFideId "6354327"]
[EventDate "2016.01.30"]

1. b3 e5 2. Bb2 Nc6 3. e3 g6 4. Nf3 Bg7 5. d4 e4 6. Nfd2 f5 7. h4 h5 8. c4 d6 9.
Nc3 Nf6 10. a3 O-O 11. Qc2 Ne7 12. d5 c6 13. dxc6 bxc6 14. Be2 Be6 15. O-O-O Qc7
16. Kb1 d5 17. Na4 Nd7 18. cxd5 Bxd5 19. Nc4 Bxb2 20. Ncxb2 Rab8 21. Bc4 Qe5 22.
Rd2 Rfc8 23. Rhd1 Nb6 24. Nxb6 axb6 25. Rc1 Kf7 26. Bxd5+ cxd5 27. Qd1 Rxc1+ 28.
Qxc1 Rc8 29. Rc2 Rxc2 30. Qxc2 b5 31. a4 bxa4 32. bxa4 Kf6 33. a5 d4 34. a6 d3
35. Qc4 Qa5 36. Qa4 Qxa4 37. Nxa4 Nc6 38. Nc3 g5 39. g3 gxh4 40. gxh4 Ke5 41.
Kc1 Na7 42. Kd2 f4 43. exf4+ Kxf4 44. Nd5+ Kf3 45. Nf6 Nb5 46. Nxh5 Kxf2 47. Nf4
Kg3 48. Nd5 Kxh4 49. Nc3 Na7 50. Nxe4 Kg4 51. Kxd3 Kf5 52. Kd4 Nc8 53. Kd5 Na7
54. Nc3 Kf6 55. Kd6 Kf7 56. Kc7 1-0

[Event "Turkish Cup 2016"]
[Site "Manavgat TUR"]
[Date "2016.02.02"]
[Round "6.10"]
[White "Kerigan, Demre"]
[Black "Ozenir, Ekin Baris"]
[Result "1-0"]
[WhiteTitle "IM"]
[BlackTitle "CM"]
[WhiteElo "2378"]
[BlackElo "2097"]
[WhiteTeam "ISTANBUL"]
[BlackTeam "MERSIN"]
[WhiteFideId "6307841"]
[BlackFideId "6357415"]
[EventDate "2016.01.30"]

1. e4 e6 2. d4 d5 3. Nd2 dxe4 4. Nxe4 Bd7 5. Nf3 Bc6 6. Bd3 Bxe4 7. Bxe4 c6 8.
O-O Nf6 9. Bd3 Be7 10. Qe2 O-O 11. c4 Nbd7 12. b3 Bd6 13. Bb2 Qc7 14. Rad1 Rad8
15. Bb1 Rfe8 16. Ne5 c5 17. Nxd7 Nxd7 18. dxc5 Bxh2+ 19. Kh1 Bf4 20. g3 Bg5 21.
Qg4 Qxc5 22. Bd4 Qe7 23. Qe4 Nf8 24. Bxa7 f5 25. Qf3 g6 26. Bb6 Rd7 27. Rxd7
Nxd7 28. Qxb7 Rb8 29. Qc7 Rxb6 30. Rd1 Qc5 31. Rxd7 Qxc7 32. Rxc7 Rd6 33. c5
Rd1+ 34. Kg2 Rxb1 35. c6 Rc1 36. b4 Rc2 37. Kf1 Bf6 38. b5 Bd4 39. Rd7 Bb6 40.
Rb7 Ba5 41. a4 Rc4 42. Ra7 1-0

[Event "Turkish Cup 2016"]
[Site "Manavgat TUR"]
[Date "2016.02.02"]
[Round "6.11"]
[White "Koksal, Ege"]
[Black "Okus, Melih"]
[Result "1/2-1/2"]
[WhiteTitle "FM"]
[WhiteElo "2331"]
[BlackElo "2013"]
[WhiteTeam "MANISA"]
[BlackTeam "IZMIR"]
[WhiteFideId "6317626"]
[BlackFideId "6305407"]
[EventDate "2016.01.30"]

1. d4 Nf6 2. Nf3 g6 3. g3 Bg7 4. Bg2 d6 5. O-O O-O 6. c4 c6 7. Nc3 Nbd7 8. h3
Qc7 9. e4 e5 10. Be3 Re8 11. Qc2 Nf8 12. Rfe1 Ne6 13. Rad1 Qa5 14. b3 exd4 15.
Nxd4 Nxd4 16. Bxd4 Qh5 17. Qe2 Qxe2 18. Rxe2 Be6 19. Red2 a5 20. Be3 Ng4 21. Bd4
Nf6 22. Na4 b5 23. cxb5 cxb5 24. Nc3 a4 25. Nxb5 axb3 26. axb3 Bxb3 27. Rb1 Ra2
28. Rxa2 Bxa2 29. Ra1 Be6 30. Nxd6 Rd8 31. e5 Ne8 32. Nxe8 Rxe8 33. f4 h5 34.
Kf2 Rc8 35. Re1 Bh6 36. h4 Bf8 37. Be4 Rc4 38. Ke3 Bc5 39. Bxc5 Rxc5 40. Bd3 Kg7
41. Re2 Ra5 42. Rc2 Ra3 43. Kd4 Ra4+ 44. Bc4 Kf8 45. Rc3 Ke7 46. Kd3 Bf5+ 47.
Ke3 Ra7 48. Bd5 Rd7 49. Rc5 Kf8 50. Bc4 Ra7 51. Rc6 Ke7 52. Rf6 Ke8 53. Kd4 Rd7+
54. Kc5 Rc7+ 55. Kb4 Rb7+ 56. Ka5 Rc7 57. Kb5 Re7 58. Be2 Bh3 59. Bd3 Bg4 60.
Kc5 Rc7+ 61. Kd4 Rd7+ 62. Rd6 Re7 63. Ke3 Kf8 64. Be2 Bh3 65. Kf2 Kg7 66. g4
hxg4 67. Kg3 Ra7 68. Bxg4 Ra3+ 69. Bf3 Bf5 70. Kf2 Ra2+ 71. Ke3 Ra3+ 72. Ke2 Ra4
73. Ke3 Ra3+ 74. Kf2 Ra2+ 75. Kg3 Ra3 76. Rd4 Rc3 77. Kf2 Rc2+ 78. Be2 Bg4 79.
Re4 Kh6 80. Kf1 Rc1+ 81. Kf2 Rc2 1/2-1/2

[Event "Turkish Cup 2016"]
[Site "Manavgat TUR"]
[Date "2016.02.02"]
[Round "6.12"]
[White "Dedebas, Emre Emin"]
[Black "Apaydin, Fethi"]
[Result "1/2-1/2"]
[BlackTitle "FM"]
[WhiteElo "2077"]
[BlackElo "2234"]
[WhiteTeam "MANISA"]
[BlackTeam "ISTANBUL"]
[WhiteFideId "6349005"]
[BlackFideId "6302521"]
[EventDate "2016.01.30"]

1. d4 Nf6 2. c4 g6 3. Nc3 Bg7 4. e4 d6 5. Bd3 O-O 6. Nge2 c5 7. d5 e5 8. O-O Ne8
9. Rb1 f5 10. exf5 gxf5 11. f4 e4 12. Bc2 Nf6 13. h3 Nbd7 14. Be3 Bh6 15. Qe1
Qe8 16. Nb5 Qe7 17. Qg3+ Kh8 18. Qh4 Nxd5 19. Qxe7 Nxe7 20. Nxd6 b6 21. Nxc8
Raxc8 22. g4 Ne5 23. b3 fxg4 24. Bxe4 gxh3 25. fxe5 Bxe3+ 26. Kh2 Ng6 27. e6
Rce8 28. Bd5 Kg7 29. Kxh3 Bf2 30. Kg2 Nh4+ 31. Kh3 Ng6 32. Kg2 Bh4 33. Kh3 Bd8
34. Ng3 Rxf1 35. Rxf1 Rf8 36. Nh5+ Kh6 37. Rxf8 Nxf8 38. Kg4 Ng6 39. Ng3 Kg7 40.
Nf5+ Kf6 41. Nd6 Nf8 42. Nc8 Nxe6 43. Bxe6 Kxe6 44. Nxa7 Kf6 45. Kh5 Kg7 46. a3
Be7 47. Nc6 Bf8 48. b4 Kf6 49. bxc5 Bxc5 50. a4 Ke6 51. a5 Kd6 52. axb6 Kxc6 53.
Kh6 1/2-1/2

[Event "Turkish Cup 2016"]
[Site "Manavgat TUR"]
[Date "2016.02.02"]
[Round "6.13"]
[White "Dogan, Ali Ekber"]
[Black "Sumer, Gun"]
[Result "1-0"]
[WhiteElo "2140"]
[BlackElo "1969"]
[WhiteTeam "MALATYA"]
[BlackTeam "SIVAS"]
[WhiteFideId "6304540"]
[BlackFideId "6311784"]
[EventDate "2016.01.30"]

1. d4 Nf6 2. c4 e6 3. g3 Bb4+ 4. Bd2 Qe7 5. Nf3 O-O 6. Bg2 Bxd2+ 7. Qxd2 d6 8.
Nc3 e5 9. O-O Bg4 10. Nd5 Nxd5 11. cxd5 Bxf3 12. exf3 exd4 13. Qxd4 a5 14. Rfe1
Qd8 15. Re4 f5 16. Re6 Nd7 17. Rae1 Nc5 18. Re7 Rf7 19. R7e2 g6 20. f4 Qf6 21.
Qd2 b6 22. b3 Rd8 23. Re3 Rdd7 24. Re6 Qg7 25. Qe2 Rf8 26. Re3 Rff7 27. a3 Qd4
28. Rd1 Qf6 29. b4 axb4 30. axb4 Nb7 31. Re1 Rf8 32. Re6 Qg7 33. Re8 Qf7 34. Re3
Nd8 35. Qb5 Kg7 36. Bf1 Kh6 37. Qa4 Qg7 38. Bb5 Rff7 39. Bxd7 Rxd7 40. Qb5 Qf7
41. Re8 Qg7 42. Qf1 Qf6 43. Rg8 1-0

[Event "Turkish Cup 2016"]
[Site "Manavgat TUR"]
[Date "2016.02.02"]
[Round "6.14"]
[White "Burcu, Cagatay"]
[Black "Kesgin, Halit Kaan"]
[Result "1/2-1/2"]
[WhiteElo "2193"]
[BlackElo "1893"]
[WhiteTeam "ANTALYA"]
[BlackTeam "IZMIR"]
[WhiteFideId "6310630"]
[BlackFideId "6349137"]
[EventDate "2016.01.30"]

1. d4 d5 2. c4 c6 3. Nf3 Nf6 4. e3 e6 5. b3 Nbd7 6. Bb2 Bd6 7. Bd3 O-O 8. O-O b6
9. Ne5 Bb7 10. Nd2 c5 11. cxd5 exd5 12. f4 cxd4 13. exd4 Ne4 14. Nxe4 dxe4 15.
Bc4 Nf6 16. Qe2 Qe7 17. f5 Ba3 18. Ng6 hxg6 19. Bxa3 Qxa3 20. fxg6 b5 21. gxf7+
Rxf7 22. Bxf7+ Kxf7 23. Qh5+ Kg8 24. Rxf6 gxf6 25. Qg6+ Kh8 26. Qxf6+ Kg8 27.
Qg6+ Kh8 28. Qf7 Rf8 29. Qh5+ Kg8 30. Qg5+ Kh8 31. Qh6+ Kg8 32. Qg6+ Kh8 33.
Qh6+ Kg8 34. Qg5+ Kh8 35. Qh5+ Kg8 36. Qg5+ Kh8 1/2-1/2

[Event "Turkish Cup 2016"]
[Site "Manavgat TUR"]
[Date "2016.02.02"]
[Round "6.15"]
[White "Metin, Mehmet"]
[Black "Bircan, Selim"]
[Result "1-0"]
[WhiteElo "2149"]
[BlackElo "1968"]
[WhiteTeam "ORDU"]
[BlackTeam "KONYA"]
[WhiteFideId "6303730"]
[BlackFideId "6315569"]
[EventDate "2016.01.30"]

1. d4 d6 2. e4 Nf6 3. Nc3 g6 4. Bg5 Bg7 5. Qd2 O-O 6. O-O-O c6 7. f3 a6 8. Bh6
b5 9. h4 Qa5 10. Kb1 b4 11. Nce2 Be6 12. Nc1 Nbd7 13. h5 Nxh5 14. Bxg7 Nxg7 15.
Qh6 Nf6 16. Nge2 Rfb8 17. Nf4 Ra7 18. g4 Rb5 19. Nb3 Bxb3 20. cxb3 e5 21. dxe5
dxe5 22. Ng2 Ne6 23. Ne3 Rb8 24. g5 Nh5 25. Ng4 Rd8 26. Rc1 Nhg7 27. Bc4 Rd2 28.
Bxe6 fxe6 29. Qxh7+ 1-0

[Event "Turkish Cup 2016"]
[Site "Manavgat TUR"]
[Date "2016.02.02"]
[Round "6.16"]
[White "Sakir, Ridvan"]
[Black "Ererdem, Gani Eren"]
[Result "1-0"]
[WhiteElo "2093"]
[BlackElo "2152"]
[WhiteTeam "ADANA"]
[BlackTeam "KARAMAN"]
[WhiteFideId "6365434"]
[BlackFideId "6310915"]
[EventDate "2016.01.30"]

1. e4 d5 2. exd5 Nf6 3. d4 Nxd5 4. Nf3 g6 5. Be2 Bg7 6. O-O O-O 7. c4 Nf6 8. Nc3
c6 9. h3 Bf5 10. Bf4 Qc8 11. Qd2 Rd8 12. Qe3 Re8 13. Rac1 Na6 14. g4 Be6 15. Ne5
Rf8 16. Rfd1 c5 17. d5 Bd7 18. Bf3 Ne8 19. Re1 f5 20. g5 Bxe5 21. Qxe5 Rf7 22.
h4 Ng7 23. Rcd1 Nh5 24. Bxh5 gxh5 25. Qe2 Nc7 26. Qxh5 Ne8 27. Re3 Rg7 28. Kh2
Nd6 29. Rde1 Ne4 30. Qe2 Qf8 31. Be5 Rf7 32. f4 Nf6 33. gxf6 exf6 34. Bc7 Qh6
35. Rg1+ Kh8 36. Kh3 Rg7 37. Rxg7 Qxg7 38. Re7 Qg1 39. Qg2 1-0

[Event "Turkish Cup 2016"]
[Site "Manavgat TUR"]
[Date "2016.02.02"]
[Round "6.17"]
[White "Yilmaz, Goktan"]
[Black "Sevgi, Volkan"]
[Result "1/2-1/2"]
[BlackTitle "FM"]
[WhiteElo "1990"]
[BlackElo "2197"]
[WhiteTeam "ANKARA"]
[BlackTeam "MERSIN"]
[WhiteFideId "6354904"]
[BlackFideId "6325335"]
[EventDate "2016.01.30"]

1. e4 c6 2. d4 d5 3. Nc3 b5 4. exd5 b4 5. Na4 cxd5 6. Nc5 e6 7. Bb5+ Bd7 8. Nxd7
Nxd7 9. Bf4 Qb6 10. Bxd7+ Kxd7 11. Nf3 f6 12. O-O Bd6 13. Bxd6 Qxd6 14. a3 Ne7
15. axb4 Qxb4 16. Qd3 g6 17. Nd2 a5 18. Nb3 Rhc8 19. Nc5+ Rxc5 20. dxc5 Qxc5 21.
b4 Qxb4 22. Rfb1 Qd6 23. Rb7+ Ke8 24. Qb5+ Kf7 25. Rxa5 1/2-1/2

[Event "Turkish Cup 2016"]
[Site "Manavgat TUR"]
[Date "2016.02.02"]
[Round "6.18"]
[White "Percin, Onder"]
[Black "Metin, Oguz"]
[Result "1/2-1/2"]
[WhiteElo "1944"]
[BlackElo "2134"]
[WhiteTeam "HATAY"]
[BlackTeam "BURDUR"]
[WhiteFideId "6345190"]
[BlackFideId "6307850"]
[EventDate "2016.01.30"]

1. e4 c5 2. Nc3 a6 3. g3 b5 4. Bg2 Bb7 5. d3 e6 6. Qe2 Nc6 7. f4 b4 8. Nd1 Rc8
9. Ne3 Be7 10. Nf3 Nd4 11. Qf2 Nxf3+ 12. Bxf3 d6 13. O-O Nf6 14. e5 Nd5 15. f5
Nxe3 16. Bxe3 Bxf3 17. Qxf3 dxe5 18. fxe6 f6 19. Qb7 O-O 20. a3 a5 21. axb4 cxb4
22. Rf2 Qd6 23. Rxa5 Qxe6 24. Ra6 Qf7 25. Ra7 Bc5 26. Bxc5 Rxc5 27. Qb6 Qd5 28.
Qxb4 Rfc8 29. Qa4 h5 30. Rd7 Qe6 31. c3 Qh3 32. Qa7 Qg4 33. d4 exd4 34. Rxd4 Qg6
35. Qe7 Re5 36. Qd7 Rce8 37. Rd1 Re1+ 38. Rf1 R1e2 39. Qd5+ Kh7 40. Rf5 R8e5 41.
Rxe5 fxe5 42. Qd3 Rxb2 43. Qe3 Qc6 44. Qd3+ e4 45. Qd5 Qb6+ 46. Rd4 Rb1+ 47. Kg2
Rb2+ 48. Kh3 e3 49. Qxh5+ Qh6 50. Qxh6+ Kxh6 51. Re4 e2 52. Kg4 Rc2 1/2-1/2

[Event "Turkish Cup 2016"]
[Site "Manavgat TUR"]
[Date "2016.02.02"]
[Round "6.20"]
[White "Camci, Ali Ammar"]
[Black "Ozen, Batuhan"]
[Result "1-0"]
[WhiteElo "2074"]
[BlackElo "1921"]
[WhiteTeam "SAKARYA"]
[BlackTeam "DENIZLI"]
[WhiteFideId "6305130"]
[BlackFideId "6345123"]
[EventDate "2016.01.30"]

1. f4 d5 2. Nf3 g6 3. e3 Bg7 4. Be2 Bg4 5. O-O Bxf3 6. Bxf3 c6 7. d4 e6 8. b3 f5
9. Nd2 Nf6 10. Ba3 Bf8 11. Bxf8 Kxf8 12. c4 Nbd7 13. b4 Kg7 14. a4 h6 15. b5 Ne4
16. Bxe4 fxe4 17. Qg4 Qf6 18. Rab1 Rab8 19. Rfc1 h5 20. Qh3 g5 21. fxg5 Qxg5 22.
bxc6 bxc6 23. cxd5 Rxb1 24. Rxb1 Qxd5 25. Rb7 Kh6 26. Qg3 Rf8 27. h4 Rf7 28.
Rxa7 Qf5 29. Qg5+ Qxg5 30. hxg5+ Kxg5 31. Nxe4+ Kg6 32. Nc5 1-0

[Event "Turkish Cup 2016"]
[Site "Manavgat TUR"]
[Date "2016.02.02"]
[Round "6.21"]
[White "Ozalp, Burak"]
[Black "Aktas, Ilker"]
[Result "1-0"]
[WhiteElo "2131"]
[BlackElo "1892"]
[WhiteTeam "ANKARA"]
[BlackTeam "MALATYA"]
[WhiteFideId "6314210"]
[BlackFideId "6306152"]
[EventDate "2016.01.30"]

1. e4 c5 2. Nf3 d6 3. d4 cxd4 4. Nxd4 Nf6 5. Nc3 a6 6. Bg5 e6 7. Qe2 Be7 8. f4
h6 9. Bh4 Nxe4 10. Bxe7 Nxc3 11. Qc4 Kxe7 12. Qxc3 Re8 13. O-O-O Kf8 14. Be2 Kg8
15. Bf3 d5 16. h4 Nc6 17. g4 Qa5 18. Qb3 Qb4 19. Qe3 Qc5 20. Rhe1 Bd7 21. g5
Rac8 22. c3 e5 23. Nxc6 Qxe3+ 24. Rxe3 bxc6 25. fxe5 Bf5 26. gxh6 gxh6 27. Bh5
Rc7 28. Rf1 Be4 29. Rg3+ Kf8 30. Rf6 Rxe5 31. Rxh6 Rf5 32. Be2 Rf2 33. Kd2 Bg6
34. Rh8+ Kg7 35. Re8 Kf6 36. Rf3+ Rxf3 37. Bxf3 Rb7 38. b4 a5 39. a3 axb4 40.
axb4 Ra7 41. Ke3 Re7+ 42. Rxe7 Kxe7 43. Kd4 Kd6 44. h5 Bh7 45. h6 f5 46. Be2 Bg6
47. Bh5 Bh7 48. Be8 f4 49. Bh5 Ke6 50. Be2 Kf6 51. Bg4 Kg5 52. Bd7 Kxh6 53. Bxc6 1-0

[Event "Turkish Cup 2016"]
[Site "Manavgat TUR"]
[Date "2016.02.02"]
[Round "6.22"]
[White "Kucuk, Dogan"]
[Black "Kucukdogerli, Murat Can"]
[Result "1-0"]
[WhiteElo "2066"]
[BlackElo "1888"]
[WhiteTeam "ANTALYA"]
[BlackTeam "ANKARA"]
[WhiteFideId "6312985"]
[BlackFideId "6341071"]
[EventDate "2016.01.30"]

1. e4 e6 2. c4 d5 3. cxd5 exd5 4. exd5 Nf6 5. Bb5+ Nbd7 6. d4 Nxd5 7. Nc3 Nxc3
8. bxc3 Bd6 9. Nf3 O-O 10. O-O Nb6 11. Bd3 Bg4 12. h3 Bh5 13. Re1 c5 14. Be4
cxd4 15. Qxd4 Qc7 16. Bxh7+ Kxh7 17. Qh4 g6 18. g4 f6 19. gxh5 g5 20. Qe4+ Kh8
21. Be3 Qf7 22. Bd4 Qxh5 23. Qf5 Be5 24. Nxe5 fxe5 25. Qxe5+ 1-0

[Event "Turkish Cup 2016"]
[Site "Manavgat TUR"]
[Date "2016.02.02"]
[Round "6.23"]
[White "Tirak, Mert"]
[Black "Temizkan, Denizcan"]
[Result "1-0"]
[BlackTitle "FM"]
[WhiteElo "1915"]
[BlackElo "2002"]
[WhiteTeam "ADANA"]
[BlackTeam "HATAY"]
[WhiteFideId "6311830"]
[BlackFideId "6325157"]
[EventDate "2016.01.30"]

1. e4 e5 2. Nf3 Nc6 3. Bb5 a6 4. Ba4 Nf6 5. O-O Be7 6. Re1 b5 7. Bb3 d6 8. c3
O-O 9. h3 Bb7 10. d4 Re8 11. Ng5 Rf8 12. Nf3 h6 13. Nbd2 Re8 14. Nf1 Bf8 15. Ng3
g6 16. Bc2 Bg7 17. Rb1 exd4 18. cxd4 Nb4 19. d5 Nxc2 20. Qxc2 Rc8 21. b4 c6 22.
dxc6 Bxc6 23. Qd3 Qe7 24. Nd2 Nd5 25. Ne2 Nb6 26. Nd4 Bd5 27. Bb2 Bxa2 28. Ra1
Bc4 29. Qg3 Qb7 30. Rad1 Na4 31. Ba1 Be5 32. f4 Bg7 33. Kh1 Kh7 34. Nf5 Bf8 35.
Qh4 Re6 36. Nf3 gxf5 37. exf5 Rxe1+ 38. Rxe1 f6 39. Qxf6 Qg7 40. Re7 1-0

[Event "Turkish Cup 2016"]
[Site "Manavgat TUR"]
[Date "2016.02.02"]
[Round "6.24"]
[White "Gulsoy, Mustafa Alpago"]
[Black "Akdogan, Alperen"]
[Result "1/2-1/2"]
[WhiteElo "1957"]
[BlackElo "2114"]
[WhiteTeam "KARAMAN"]
[BlackTeam "ISTANBUL"]
[WhiteFideId "6337074"]
[BlackFideId "6347363"]
[EventDate "2016.01.30"]

1. e4 Nf6 2. Nc3 d5 3. e5 Nfd7 4. e6 fxe6 5. d4 c5 6. Nf3 Nc6 7. Bb5 Qc7 8. O-O
g6 9. Re1 Nf6 10. dxc5 Bg7 11. Nd4 O-O 12. Bxc6 bxc6 13. Nxe6 Bxe6 14. Rxe6 Qd7
15. Re2 Nh5 16. a4 e5 17. Ne4 Rab8 18. c4 d4 19. Ra3 Nf6 20. a5 Nxe4 21. Rxe4
Rb4 22. b3 Qf7 23. f3 a6 24. Qd3 Rb7 25. Bd2 Rfb8 26. Re1 Qf5 27. b4 Qxd3 28.
Rxd3 Rxb4 29. Bxb4 Rxb4 30. f4 Rxc4 31. fxe5 Kf7 32. Rh3 Ke6 33. Rxh7 Bxe5 34.
Ra7 Rxc5 35. Rxa6 Kd5 36. Ra8 Bf4 37. a6 Ra5 38. a7 Bd6 39. Rb1 Ra2 40. Kf1 g5
41. h3 c5 42. Rd8 Rxa7 43. Rb6 Rf7+ 44. Ke2 Rf6 45. g3 Re6+ 46. Kd2 c4 47. Rb5+
Ke4 48. Rxg5 Bb4+ 49. Ke2 d3+ 50. Kf2 Rf6+ 51. Kg2 Ke3 52. Rgd5 Rd6 53. R5xd6
Bxd6 54. Rxd6 c3 55. Rc6 c2 56. g4 d2 57. Rc3+ Kf4 58. Rc4+ Ke5 59. Rxc2 d1=Q
60. Rf2 Ke4 61. Rf5 Qd6 62. Rf1 Qc6 63. Rf5 Ke3+ 64. Kg3 Qh1 65. Kh4 Ke4 66. Rf8
Ke5 67. Rf5+ Ke6 68. Rf2 Qg1 69. Rf5 Qg2 70. Rf8 Qg1 71. Rf5 Qe1+ 72. Kg5 Qg3
73. h4 Qc3 74. h5 Qg7+ 75. Kh4 1/2-1/2

[Event "Turkish Cup 2016"]
[Site "Manavgat TUR"]
[Date "2016.02.02"]
[Round "6.25"]
[White "Sahin, Ozgun"]
[Black "Cubukcu, Berkin"]
[Result "1-0"]
[WhiteElo "2085"]
[BlackElo "1753"]
[WhiteTeam "BURDUR"]
[BlackTeam "ANKARA"]
[WhiteFideId "6328121"]
[BlackFideId "6351190"]
[EventDate "2016.01.30"]

1. e4 e5 2. Nf3 Nc6 3. d4 exd4 4. c3 d3 5. Bxd3 d6 6. h3 Be7 7. O-O Nf6 8. Qe2
O-O 9. Rd1 Nd7 10. Bf4 Bf6 11. Nbd2 Qe7 12. Nf1 Nde5 13. Bc2 Nxf3+ 14. Qxf3 Ne5
15. Qe2 Ng6 16. Be3 Be5 17. Bd4 Qg5 18. Bxe5 dxe5 19. Kh2 Nf4 20. Qf3 a5 21. Ne3
Be6 22. Nd5 Rac8 23. Nxf4 exf4 24. g3 fxg3+ 25. Qxg3 Qxg3+ 26. Kxg3 f6 27. Bb3
Kf7 28. Rd7+ 1-0

[Event "Turkish Cup 2016"]
[Site "Manavgat TUR"]
[Date "2016.02.02"]
[Round "6.26"]
[White "Aytekin, Murat Eren"]
[Black "Esen, Nejdet"]
[Result "1-0"]
[WhiteElo "1830"]
[BlackElo "2058"]
[WhiteTeam "GIRESUN"]
[BlackTeam "YALOVA"]
[WhiteFideId "6388000"]
[BlackFideId "6305644"]
[EventDate "2016.01.30"]

1. d4 Nf6 2. c4 c5 3. d5 b5 4. cxb5 a6 5. b6 d6 6. Nc3 g6 7. e4 Nbd7 8. Nf3 Bg7
9. a4 a5 10. Bb5 O-O 11. O-O Nxb6 12. Nd2 Ba6 13. Qe2 Bxb5 14. Nxb5 e6 15. Nc4
Nxc4 16. Qxc4 exd5 17. exd5 Re8 18. Bg5 h6 19. Bxf6 Bxf6 20. Rab1 Qd7 21. Qf4
Bg7 22. Qxd6 Qf5 23. Qxc5 Rec8 24. Qb6 Rab8 25. Qxa5 Qxd5 26. b3 Rc2 27. Qb4 Qf5
28. Qd6 Be5 29. Qd1 Ra2 30. Qf3 Qc2 31. Qd5 Bg7 32. Rbc1 Qb2 33. Rc7 Qf6 34. Rc6
Qb2 35. g3 Re8 36. Rc7 Qf6 37. Nc3 Rb2 38. Kg2 Rd8 39. Qe4 Rxb3 40. Nd1 Qd6 41.
Rc6 Qd5 42. Qxd5 Rxd5 43. Ne3 Rd2 44. Rd1 Ra2 45. Rc2 Rxa4 46. Rc8+ Kh7 47. Rd7
Rba3 48. Rcc7 Rc3 49. Rxf7 Rxc7 50. Rxc7 Rd4 51. h4 h5 52. f4 Rd3 53. f5 Rxe3
54. f6 Re5 55. Rxg7+ Kh6 56. Rg8 Kh7 57. f7 g5 58. f8=Q Re2+ 59. Kf1 1-0

[Event "Turkish Cup 2016"]
[Site "Manavgat TUR"]
[Date "2016.02.02"]
[Round "6.27"]
[White "Ibik, Halit Yavuz"]
[Black "Ozkan, Ervin"]
[Result "0-1"]
[WhiteElo "1843"]
[BlackElo "2242"]
[WhiteTeam "ANKARA"]
[BlackTeam "BURSA"]
[WhiteFideId "6336108"]
[BlackFideId "6306004"]
[EventDate "2016.01.30"]

1. e4 c6 2. d4 d5 3. Nc3 dxe4 4. Nxe4 Bf5 5. Ng3 Bg6 6. Nf3 Nd7 7. Bd3 e6 8. O-O
Ngf6 9. Re1 Be7 10. c4 Qc7 11. Qc2 Bxd3 12. Qxd3 O-O 13. Ne4 Rad8 14. Bg5 Rfe8
15. Qc2 h6 16. Bh4 Nxe4 17. Bxe7 Rxe7 18. Qxe4 Nf6 19. Qc2 Red7 20. b4 a5 21. a3
b5 22. Rec1 bxc4 23. Qxc4 axb4 24. axb4 Qb7 25. h3 Rd6 26. Ra6 Nd5 27. Rxc6 Rxc6
28. Qxc6 Qxb4 29. Ra1 Qb8 30. Ne5 Ne7 31. Qf3 Nf5 32. g4 Nxd4 33. Qxf7+ Kh8 34.
Re1 Qb4 35. Re3 Nc2 36. Rf3 Qe1+ 0-1